| 000 | 00731nam a22002177a 4500 | ||
|---|---|---|---|
| 005 | 20210325211140.0 | ||
| 008 | s2010 eng d | ||
| 020 | _a9781849800945 | ||
| 041 | _aeng | ||
| 050 | _aHF5549.5.M5 M33 2010 | ||
| 100 | 0 | _aOzbilgin, Mustafa F., ed. | |
| 245 | 1 | 0 | _aManaging cultural diversity in Asia : a research companion |
| 260 | 3 |
_aCheltenham, UK : _bEdward Elgar, _c2010 |
|
| 300 |
_a556556 p. : _b tables ; _c 24 cm. |
||
| 650 | 0 | 4 | _aDiversity in the workplace -- Asia -- Management |
| 850 | _aNALT | ||
| 942 | _cGB | ||
| 997 | _a9716 | ||
| 997 | _c000000000068076 | ||
| 998 | _aนางสุกัญญา กัลยา | ||
| 999 |
_c68076 _d68076 |
||